Physics 1971-1980

Αποθηκεύτηκε σε:
Λεπτομέρειες βιβλιογραφικής εγγραφής
Άλλοι συγγραφείς: Lundqvist, Stig 1925- (Επιμελητής έκδοσης)
Μορφή: Βιβλίο
Γλώσσα:English
Δημοσίευση: Singapore : World Scientific, 1994.
Σειρά:Nobel lectures, including presentation speeches and laureates' biographies
Θέματα:
Ετικέτες: Προσθήκη ετικέτας
Δεν υπάρχουν, Καταχωρήστε ετικέτα πρώτοι!

MARC

LEADER 00000cam a2200000 i 4500
001 1/39110
008 950131s1994####si | ||| |||| ||eng||
020 |a 9810207271 
035 |a 1995  |c ΚΩΤΣΑΚΗΣ  |l 10040930 
040 |a GR-MyUA  |b gre  |e AACR2 
041 0 |a eng 
082 0 |a 530.079 
245 1 0 |a Physics 1971-1980 /   |c Stig Lundqvist, editor. 
246 3 3 |a Nobel Lectures in Physics 1971-1980.  
260 |a Singapore :   |b World Scientific,   |c 1994.  
300 |a xi, 603 σ. :   |b εικ. ;   |c 25 εκ.  
490 1 |a (Nobel lectures, including presentation speeches and laureates' biographies)  
500 |a Includes bibliographical references 
504 |a Περιέχει βιβλιογραφικές αναφορές.  
650 0 0 |a Physics. 
650 0 0 |a Physicists  |x Biography. 
650 0 0 |a Nobel Prizes. 
700 1 |a Lundqvist, Stig  |d 1925-  |e edt 
830 0 |a Nobel lectures, including presentation speeches and laureates' biographies 
852 |a INST  |b SAMOS  |e 19950131  |h 530.079 PHY  |p 005300006060  |q 005300006060  |t BK  |y 0 
909 |a Σ  |b 038675